[Event "3rd Sharjah Masters 2019"]
[Site "Sharjah"]
[Date "2019.03.28"]
[Round "7.18"]
[White "Megaranto, Susanto"]
[Black "Fenil, Shah"]
[Result "1-0"]
[WhiteElo "2526"]
[BlackElo "2360"]
[Annotator "TA"]
[PlyCount "111"]
[EventDate "2019.03.22"]
[EventType "swiss"]
[EventCountry "UAE"]
[SourceTitle "playchess.com"]
[Source "ChessBase"]
[SourceQuality "1"]

{[%evp 21,111,-6,15,-14,-16,0,-5,-26,8,-56,0,0,-20,0,25,0,0,8,0,0,10,0,0,-43,-38,-51,14,-14,-25,-31,10,-52,-20,-22,-12,-102,-81,-94,-95,-164,-150,-152,-18,-29,-42,-35,-41,-71,-56,-68,0,0,0,0,0,0,0,-6,0,-17,0,0,0,0,0,-24,20,33,34,0,47,34,28,15,22,28,37,-246,68,72,113,107,474,473,463,461,607,589,656,593,1090,1079]} 1. c4 c5 2. Nf3 Nf6 3. g3 Nc6 4. Bg2 d5 5. cxd5 Nxd5 6. O-O e5 7. Nc3 Nc7 8. a3 Rb8 9. d3 Be7 10. Be3 O-O 11. Rc1 b6 {LiveBook: 7 Games. A34: Symmetrical English: 2 Nc3, lines with ...d5} (11... Bd7 12. Nd2 Nd4 13. Nc4 f6 14. f4 exf4 15. Bxf4 Nde6 16. Bd2 b6 17. g4 Be8 18. Be1 b5 19. Ne3 {0-1 (35) Topalov,V (2772)-Caruana,F (2801) Saint Louis 2014}) 12. Nd2 (12. b4 $5) 12... Nd4 13. Nc4 f6 {The position is equal.} 14. a4 $146 ({Predecessor:} 14. f4 exf4 15. Bxf4 Bb7 16. Bxb7 Rxb7 17. e3 Nde6 18. Qb3 b5 19. Na5 {0-1 (55) Yagiz,Y (2177)-Esen,B (2245) Antalya 2004}) 14... a6 15. Ne4 ({White should play} 15. a5 $11) 15... Nce6 (15... Be6 $15) 16. a5 bxa5 17. Ra1 Bd7 18. Nc3 Nc7 19. Rxa5 Be6 20. Bc1 Rb4 21. Ra3 Qd7 22. Re1 Rd8 23. Na5 Rb6 (23... Bg4 $15) 24. Na4 Rb5 25. Nc3 $1 {[%cal Rc3b5]} Rb6 26. Ra4 (26. e3 $11) 26... Nb3 27. Nc4 Rbb8 28. Nd2 (28. f4 $11) 28... Nxd2 $17 29. Qxd2 {[#]} c4 $1 {[%mdl 512]} 30. Rd1 (30. Qc2 $17 {was worth a try.}) (30. dxc4 Qxd2) 30... cxd3 $19 31. Qe1 Bb3 (31... Bb4 $1 $17 {[%cal Rb4c3]} 32. Ra1 Nb5 33. Rxd3 Nd4) 32. Rxd3 $11 Bxa4 {[%cal Bb3a4,Ba4d7,Bd7e6][%mdl 32]} 33. Rxd7 Bxd7 34. Be4 Be6 35. Bd3 f5 (35... a5 $15) 36. f3 Bc5+ 37. Kg2 a5 38. Bg5 Rd7 39. Na4 Bb4 40. Qc1 h6 41. Be3 Nd5 42. Bf2 Rc7 43. Qb1 Ne7 44. b3 Bd6 45. Qe1 (45. Qd1 $5 {[%cal Rd3c4]} Rc6 46. Bc4 $1 $11 {[%mdl 512]}) 45... Bb4 46. Qa1 Nc6 ({Don't go for} 46... Bxb3 $2 47. Qxe5 Rcb7 48. Nc5 $18) 47. Nc5 Bxc5 $1 48. Bxc5 Rxb3 49. Qa2 $2 {[%mdl 8192] [#]} (49. Bd6 $14 {keeps the upper hand.} Rd7 50. Bxe5) 49... Bf7 $2 (49... e4 $1 $19 {[%cal Re4d3]} 50. Ba6 (50. fxe4 fxe4) 50... Kf7) 50. Qa4 $1 $14 Rb2 51. Bd6 Rb4 $2 {[%mdl 8192]} (51... Nb4 $16 {is more resistant.} 52. Bxf5 (52. Bxc7 Nxd3 53. Bxa5 Rxe2+ 54. Kg1 Ra2 $11) 52... Rxe2+ 53. Kh3 Rcc2 54. Bxc2 Nxc2) 52. Bxb4 $18 {White is clearly winning.} axb4 53. Bxf5 {White wants to mate with Qa8+.} g6 54. Be4 Nd4 55. Qxb4 {aiming for Qb8+.} Kg7 56. Qd6 {[%mdl 64] Double Attack. Accuracy: White = 41%, Black = 23%.} 1-0

[Event "3rd Sharjah Masters 2019"]
[Site "Sharjah"]
[Date "2019.03.28"]
[Round "7.19"]
[White "Kuybokarov, Temur"]
[Black "Koniahli, Malek."]
[Result "1-0"]
[WhiteElo "2519"]
[BlackElo "2294"]
[Annotator "RC"]
[PlyCount "49"]
[EventDate "2019.03.22"]
[EventType "swiss"]
[EventCountry "UAE"]
[SourceTitle "playchess.com"]
[Source "ChessBase"]
[SourceQuality "1"]
[TimeControl "5400+30"]

1. d4 Nf6 2. c4 g6 3. Nc3 Bg7 4. e4 d6 5. Nf3 O-O 6. Be2 e5 7. O-O Na6 8. Be3 Ng4 9. Bg5 Qe8 10. Rc1 h6 11. Bh4 c6 12. dxe5 dxe5 13. Qd6 Qe6 14. c5 Nf6 15. Bxa6 bxa6 16. Rfd1 Nh5 17. Qc7 Nf4 18. Bg3 Re8 19. b3 Bf8 20. Bxf4 exf4 21. Qxf4 Qg4 22. Qc7 Be6 23. h3 Qh5 24. Ne2 Rac8 25. Qg3 1-0

[Event "3rd Sharjah Masters 2019"]
[Site "Sharjah"]
[Date "2019.03.28"]
[Round "7.20"]
[White "Sindarov, Javokhir"]
[Black "Kunal, M.."]
[Result "1-0"]
[WhiteElo "2505"]
[BlackElo "2258"]
[Annotator "TA"]
[PlyCount "64"]
[EventDate "2019.03.22"]
[EventType "swiss"]
[EventCountry "UAE"]
[SourceTitle "playchess.com"]
[Source "ChessBase"]
[SourceQuality "1"]

{[%evp 28,64,-22,-40,6,7,18,22,65,68,48,27,41,35,46,50,23,27,60,53,76,65,69,35,31,30,257,254,252,254,479,436,1897,1843,29986,29987,29993,29982,29997]} 1. g3 Nf6 2. Bg2 d5 3. Nf3 e6 4. O-O Be7 5. d3 c5 6. Nbd2 {[%cal Bb1d2,Bd2f1,Bf1h2,Bh2f3][%mdl 32]} Nc6 7. e4 Qc7 8. Qe2 O-O 9. Re1 b5 10. e5 Nd7 11. Nf1 Bb7 12. h4 Nd4 13. Nxd4 {C00: French: Unusual White 2nd moves} cxd4 14. Bf4 Rfc8 15. Rec1 {[#] LiveBook: 8 Games. The position is equal.} Qd8 $146 ({Predecessor:} 15... Qb6 16. Bf3 Rc7 17. Qd2 Rac8 18. Nh2 a5 19. Bd1 b4 {½-½ (27) Kononenko,D (2576)-Zhigalko,S (2647) Alushta 2010}) 16. Nh2 a5 17. Qg4 Ra6 18. Nf3 Bc5 19. Re1 Rac6 20. Re2 Bb6 21. Rc1 Qf8 22. h5 {[%cal Bh4h5,Bh5h6][%mdl 32]} a4 23. h6 g6 24. Bg5 {[%cal Bf4g5,Bg5e7,Be7d6][%mdl 32]} a3 25. b3 Qc5 26. Qf4 Qc3 $2 {[#]} (26... Ba6 $11) 27. Be7 $1 $18 Re8 {[#]} 28. Bd6 $1 $40 {[%mdl 128] Hoping for Ng5. Black is in trouble.} ({Stronger than} 28. Bxa3 b4 $17) 28... Rxd6 $2 (28... Bd8 {was necessary.} 29. Nxd4 Rb6) 29. exd6 {[%cal Be5d6,Bd6d7][%mdl 32] Threatens to win with Ne5.} f6 (29... Bd8 $142 30. Ne5 (30. Qxd4 Ba5 $18) 30... Nf6) 30. Bh3 f5 31. Bxf5 Nf8 32. d7 Ra8 {Precision: White = 80%, Black = 19%.} 1-0

[Event "3rd Sharjah Masters 2019"]
[Site "Sharjah"]
[Date "2019.03.28"]
[Round "7.21"]
[White "Nigmatov, Ortik"]
[Black "Pranav Vijay"]
[Result "1-0"]
[WhiteElo "2478"]
[BlackElo "2265"]
[Annotator "TA"]
[PlyCount "101"]
[EventDate "2019.03.22"]
[EventType "swiss"]
[EventCountry "UAE"]
[SourceTitle "playchess.com"]
[Source "ChessBase"]
[SourceQuality "1"]

{[%evp 9,100,11,13,11,10,0,0,0,0,-15,0,0,0,-26,-5,-27,-14,-27,-18,-25,-30,-37,0,0,0,8,19,0,0,0,11,0,39,39,37,37,53,52,44,44,54,36,48,43,75,69,83,80,83,73,141,133,142,141,179,103,181,170,162,166,209,208,207,198,245,212,262,244,236,256,389,367,389,389,394,397,434,433,449,424,403,425,408,413,791,793,1001,943,1220,1117,29997,29998,29999]} 1. Nf3 Nf6 2. e3 d5 3. c4 e6 4. b3 b6 5. Bb2 Bb7 6. Nc3 {A13: English Opening: 1...e6} (6. cxd5 exd5 7. g3 Nbd7 8. Bg2 Ba6 9. Bf1 Bb7 10. Bg2 Ba6 11. Bf1 {½-½ (11) Duda,J (2738)-Wang,H (2730) St Petersburg 2018}) 6... Nbd7 7. Qc2 a6 8. Be2 {The position is equal.} Bd6 9. a3 $146 ({Predecessor:} 9. g4 dxc4 10. bxc4 Ne5 11. e4 Nxf3+ 12. Bxf3 c5 {½-½ (58) De Ramos,J (2314)-Rahman,Z (2558) Kuala Lumpur 2010}) 9... Qe7 10. O-O O-O 11. d3 Rad8 12. h3 Rfe8 13. Rfe1 c6 14. e4 dxe4 15. dxe4 e5 16. Bf1 a5 17. Na4 {[%cal Bc3a4,Ba4b2,Bb2d3,Bd3c1,Bc1b3,Bb3a5][%mdl 32]} Bc7 18. b4 axb4 19. axb4 Ra8 20. Bc3 Nf8 21. c5 b5 22. Nb2 Rad8 23. Nd3 Ng6 24. g3 Bb8 25. Nc1 Nh5 26. Nb3 Qf6 27. Nh2 Bc8 28. Na5 Qe6 29. Qa2 Qd7 (29... Qxa2 $142 30. Rxa2 Ne7) 30. Rad1 Qc7 31. Ng4 Re6 32. Be2 (32. Qe2 $18) 32... Rde8 (32... Nf6 $16) 33. Ne3 Nf6 34. Bf3 Qa7 35. Nf5 h6 36. h4 Nh7 37. Qe2 Ngf8 38. Rd2 Bc7 39. Red1 Bxa5 (39... Qa8 $142 40. Nd6 Bxd6) 40. Ra1 {[%mdl 64] [#] Pin} (40. bxa5 Qxc5 41. Bb2 b4 $16) 40... Qc7 41. Rxa5 ({Weaker is} 41. bxa5 Ba6 $18) 41... Bd7 42. Rda2 Rf6 43. Ra7 Qb8 44. Ra8 {[%mdl 64] Deflection} Qxa8 45. Rxa8 Rxa8 46. Bxe5 Re6 (46... Bxf5 $142 47. Bxf6 (47. exf5 Re8 $16) 47... Bg4) 47. Bxg7 $18 Ng6 48. Bc3 Ra3 49. Qd2 Ngf8 {[#]} 50. Qxh6 $1 {[%csl Gc3,Gf5][%cal Rh6g7][%mdl 512]} Rg6 (50... Rxh6 51. Nxh6#) 51. Ne7# {Accuracy: White = 65%, Black = 29%.} 1-0

[Event "3rd Sharjah Masters 2019"]
[Site "Sharjah"]
[Date "2019.03.28"]
[Round "7.22"]
[White "Dhulipalla Bala Chandra Prasa"]
[Black "Darini, Pouria"]
[Result "1-0"]
[WhiteElo "2384"]
[BlackElo "2474"]
[Annotator "TA"]
[PlyCount "156"]
[EventDate "2019.03.22"]
[EventType "swiss"]
[EventCountry "UAE"]
[SourceTitle "playchess.com"]
[Source "ChessBase"]
[SourceQuality "1"]

{[%evp 18,156,19,1,14,0,1,0,0,0,4,0,0,0,78,73,74,71,71,84,78,75,82,68,72,70,86,87,90,79,79,77,83,61,131,127,131,136,145,131,145,127,145,145,145,0,145,145,145,145,145,0,0,0,0,0,0,0,0,0,0,0,0,0,0,0,0,0,0,0,0,0,0,0,0,0,0,0,0,0,0,0,0,0,0,0,0,0,0,0,0,0,0,0,0,0,0,0,0,0,0,0,0,0,0,0,0,-12,0,0,0,-12,-12,-12,-12,-15,-15,-81,-15,-301,-37,-49,0,-282,-58,-119,0,0,0,0,0,0,0,0,0,0,0,0,0,0,0]} 1. d4 Nf6 2. c4 g6 3. g3 Bg7 4. Bg2 d5 5. cxd5 Nxd5 6. Nf3 O-O 7. O-O Nb6 8. Nc3 Nc6 9. e3 Re8 10. Re1 a5 {D76: Fianchetto Grünfeld: Main Line with 7...Nb6} 11. Qe2 (11. h3 a4 12. Rb1 a3 13. bxa3 e5 14. dxe5 Nxe5 15. Qxd8 Nxf3+ 16. Bxf3 Rxd8 17. Nb5 Be5 18. Nd4 Bxh3 19. Bxb7 Bxd4 20. exd4 {1-0 (38) Ivanchuk,V (2726)-Muzychuk,M (2540) Caleta 2018}) 11... Be6 12. Rd1 Bc4 13. Qc2 Nb4 14. Qe4 f5 15. Qh4 $146 ({But not} 15. Qxb7 $2 Ba6 $19) ({Predecessor:} 15. Qb1 e5 16. b3 Bd3 17. Qb2 e4 18. Ne1 {½-½ (51) Dhulipalla,B (2341)-Tari,A (2625) Caleta 2019}) 15... e5 (15... e6 $11) 16. Nxe5 $16 ({Of course not} 16. dxe5 $6 Qxh4 17. gxh4 c6 $11) 16... Bxe5 17. dxe5 Qxh4 18. gxh4 c6 19. b3 N4d5 20. Bb2 $36 {[%mdl 2048] Black is under pressure.} Nxc3 21. Bxc3 Bd5 22. Bd4 (22. Bf1 {with more complications.} Nd7 23. Bc4 Nb6 24. Be2 a4 25. h5) 22... Bxg2 23. Kxg2 Nd5 24. a3 Kf7 25. f4 h5 ({Black should play} 25... a4 $14) 26. Kf3 Red8 27. Rg1 Re8 28. Rac1 Rac8 29. Rc2 Ra8 30. Bc5 Rad8 31. Bd4 (31. Rd1 $16) 31... Re6 (31... Ra8 $1 $11) 32. Rgc1 Ree8 33. Rc5 Ra8 34. Rxd5 ({Better is} 34. R5c4 $16) 34... cxd5 {[%mdl 4096] Endgame KRR-KRB} 35. Rc5 a4 36. bxa4 Rxa4 37. Rxd5 Rxa3 38. Rd7+ Kg8 39. Rxb7 Re6 40. Rb8+ Kf7 41. Rb7+ Ke8 42. Bc5 Ra2 43. Bd6 Rxh2 44. Kg3 Re2 45. Kf3 Rh2 46. Kg3 Rh1 47. Rg7 Kd8 48. Rf7 Ke8 49. Rg7 Kd8 50. Rf7 Rd1 51. Kf3 Rd2 52. Rg7 Rh2 53. Kg3 Rb2 54. Kf3 Rh2 55. Kg3 Rh1 56. Rf7 Ke8 57. Rg7 Rd1 58. Kf3 Rg1 59. e4 {aiming for exf5.} Rf1+ 60. Ke3 Re1+ 61. Kd4 Rd1+ 62. Ke3 Re1+ 63. Kd4 {Hoping for Kd5.} Rd1+ 64. Ke3 fxe4 65. Ra7 Rd3+ 66. Ke2 Rf3 67. Rg7 (67. Rb7 $11 {keeps the balance.}) 67... Kd8 (67... Rxf4 $17 68. Ke3 Rf1 69. Kxe4 Rd1) 68. Kd2 $2 {[%mdl 8192]} (68. Rb7 $11) 68... Rd3+ $2 ({Weaker is} 68... Rxf4 69. Ke3 $17) (68... e3+ $1 $19 69. Kd3 Rxf4 70. Kxe3 Rxh4) 69. Ke2 $15 Rf3 $2 (69... Re8 $15) 70. Kd2 $1 $19 {[#] White hopes to continue with Ke2.} Rxf4 $2 (70... e3+ $1 $19 71. Ke2 Rxf4 72. Kxe3 Rxh4) 71. Ke3 $1 $15 {[%cal Re3f4] [#]} Rxh4 (71... Rf1 $1 $17 {Strongly threatening ...Rd1.} 72. Kxe4 Rd1) 72. Kd4 $11 {Threatening Kd5.The position is equal.} e3+ 73. Kd5 $1 {[%cal Rd5e6] [#]} Rxd6+ $1 74. exd6 (74. Kxd6 Rd4+) 74... e2 75. Rg8+ Kd7 76. Rg7+ Kd8 (76... Ke8 $5 77. Re7+ $8 Kd8 $11) 77. Rg8+ Kd7 78. Rg7+ Kd8 {[%mdl 32768] Accuracy: White = 78%, Black = 58%. . Sensor Board Error (Ke4/e5)?} 1-0

[Event "3rd Sharjah Masters 2019"]
[Site "Sharjah"]
[Date "2019.03.28"]
[Round "7.23"]
[White "Rathnakaran, K.."]
[Black "Mendonca, Leon Luke"]
[Result "1-0"]
[WhiteElo "2361"]
[BlackElo "2446"]
[Annotator "TA"]
[PlyCount "81"]
[EventDate "2019.03.22"]
[EventType "swiss"]
[EventCountry "UAE"]
[SourceTitle "playchess.com"]
[Source "ChessBase"]
[SourceQuality "1"]

{[%evp 9,81,-7,-10,-15,-17,-18,-10,-37,-35,-84,-89,-84,-81,-93,-85,-108,-109,-115,-91,-103,-70,-75,-68,-87,-35,-49,-3,-26,0,0,0,0,98,98,111,102,95,96,117,131,114,108,123,138,245,253,329,327,508,401,367,310,468,456,29971,29971,29970,29972,29972,29973,29971,29973,29973,29975,29975,29976,29972,29973,29973,29974,29974,29975,29978,29979]} 1. e4 c5 2. Nf3 d6 3. c3 Nf6 4. h3 Nc6 5. d3 (5. Bd3 d5 6. e5 Nd7 7. Qe2 e6 8. O-O Qc7 9. Bb5 a6 10. Bxc6 Qxc6 11. d4 Be7 12. Bg5 Bxg5 13. Nxg5 h6 14. Nf3 b6 15. Nbd2 {½-½ (29) Safarli,E (2676)-Kryakvin,D (2595) Hoogeveen 2018}) 5... g6 6. Be3 {B50: Sicilian: 2...d6, Miscellaneous} Bg7 7. Qc1 O-O 8. Bh6 {The position is equal.} e5 9. g4 d5 10. Bxg7 Kxg7 11. Nbd2 Be6 $146 ({Predecessor:} 11... dxe4 12. dxe4 {0-1 (33) Ganbold,O (2380)-Mezentsev,V (2400) San Francisco 2008}) 12. Be2 Rc8 13. Nh2 b5 14. Nhf1 c4 15. dxc4 $1 bxc4 16. Ng3 Nxe4 (16... Ne7 $17) 17. Ndxe4 $15 dxe4 18. h4 $1 Bd5 {Hoping for ...e3!} 19. Qe3 Qf6 20. O-O-O Rcd8 (20... Ne7 $1 $11) 21. Rd2 $16 Qf4 22. Rhd1 Be6 23. Nxe4 Qxe3 24. fxe3 Rxd2 25. Rxd2 Rd8 26. Nc5 Rxd2 (26... Bc8 $16 {might work better.}) 27. Nxe6+ $18 ({Weaker is} 27. Kxd2 Bc8 $16) 27... fxe6 28. Kxd2 $16 {[%mdl 4096] Endgame KB-KN} Na5 (28... Kf7 $142 29. Bxc4 e4) 29. Bf3 $18 Kf6 30. Kc2 g5 (30... e4 $142 31. Bxe4 Ke5) 31. h5 h6 (31... e4 $18 32. Bxe4 h6) 32. b4 {White mates.} cxb3+ 33. axb3 Ke7 34. c4 Kd6 35. Kc3 Nc6 {[#]} 36. Bxc6 $1 Kxc6 37. Kb4 e4 38. Ka5 Kc5 39. Ka6 Kb4 40. Kxa7 Kc3 41. c5 {Accuracy: White = 81%, Black = 46%.} 1-0

[Event "3rd Sharjah Masters 2019"]
[Site "Sharjah"]
[Date "2019.03.28"]
[Round "7.24"]
[White "Jeet, Jain"]
[Black "Asgarizadeh, Ahmad"]
[Result "0-1"]
[WhiteElo "2219"]
[BlackElo "2434"]
[Annotator "TA"]
[PlyCount "62"]
[EventDate "2019.03.22"]
[EventType "swiss"]
[EventCountry "UAE"]
[SourceTitle "playchess.com"]
[Source "ChessBase"]
[SourceQuality "1"]

{[%evp 20,62,-28,-29,-29,-30,-17,-36,0,-29,-25,-188,-181,-194,-178,-322,-327,-508,-493,-510,-498,-509,-492,-508,-495,-486,-344,-370,-360,-438,-347,-543,-559,-654,-518,-742,-731,-29983,-29984,-29991,-29992,-29996,-29997,-29997,-29998]} 1. e4 e5 2. Nf3 Nc6 3. Bc4 Bc5 4. c3 Nf6 5. d3 {[%cal Bd2d3,Bd3d4][%mdl 32]} d6 6. Bb3 a6 7. O-O Ba7 8. h3 {C54: Giuoco Piano: 4 c3 Nf6, main lines with 5 d4 and 5 d3} (8. Nbd2 O-O 9. h3 Re8 10. Re1 Be6 11. Nf1 h6 12. Be3 Bxe3 13. Nxe3 Bxb3 14. Qxb3 Qd7 15. Nd5 Nxd5 16. Qxd5 Qe6 17. Qxe6 fxe6 18. b4 Kf7 19. a4 Ke7 20. Nd2 Kd7 21. f3 Rf8 {½-½ (21) Vocaturo,D (2630)-Laznicka,V (2668) Germany 2019}) 8... h6 9. Re1 g5 10. d4 g4 11. hxg4 {LiveBook: 3 Games} Nxg4 12. Bd5 $146 ({Predecessor:} 12. Na3 Qf6 13. Nc2 Rg8 14. Bd5 Bd7 15. Bxc6 bxc6 {1-0 (32) Srinath,R (2363)-Kantans,T (2510) Stockholm 2018}) 12... Qf6 13. Be3 Rg8 14. Bxc6+ bxc6 15. g3 $2 (15. Nbd2 $11 {and White is okay.}) 15... h5 $19 {[%cal Bh6h5,Bh5h4][%mdl 32] And now ...h4 would win.} 16. Nbd2 {[#]} h4 $1 {[%mdl 512] Threatens to win with ...hxg3.} 17. Qa4 (17. dxe5 $142 Nxe3 18. exf6 Nxd1 19. Raxd1) (17. Nxh4 Qxh4) 17... Bd7 18. Qxa6 ({Much worse is} 18. dxe5 Nxe5 19. Nxe5 Qxe5) (18. Kg2 {was called for.}) 18... hxg3 19. fxg3 Nxe3 20. Rxe3 Ke7 {[%cal Ra7d4]} 21. Qd3 Rxg3+ 22. Kf2 Rag8 (22... exd4 $2 23. cxd4 Qf4 24. e5 $19) 23. Rf1 Bh3 ({Weaker is} 23... exd4 24. cxd4 Qf4 25. Ke1 $19) 24. Rh1 Bg2 25. Rg1 (25. Rh5 {was worth a try.} Bh3 {[#]} 26. Rf5 $1 {[%mdl 512]}) 25... Qf4 26. b4 R8g6 27. a4 Rh3 28. a5 Bxf3 {Black mates.} 29. Nxf3 Rxg1 30. Kxg1 Qg3+ 31. Kf1 Rh1+ {Precision: White = 35%, Black = 77%.} 0-1

[Event "3rd Sharjah Masters 2019"]
[Site "Sharjah"]
[Date "2019.03.28"]
[Round "7.25"]
[White "Nitin, S.."]
[Black "Iturrizaga Bonelli, Eduardo"]
[Result "0-1"]
[WhiteElo "2408"]
[BlackElo "2639"]
[Annotator "TA"]
[PlyCount "82"]
[EventDate "2019.03.22"]
[EventType "swiss"]
[EventCountry "UAE"]
[SourceTitle "playchess.com"]
[Source "ChessBase"]
[SourceQuality "1"]

{[%evp 17,82,31,37,21,31,25,19,23,33,27,33,22,30,37,31,34,55,17,34,0,0,0,0,0,0,0,0,0,0,0,0,0,14,0,0,0,62,-39,-39,-171,-175,-166,-174,-214,-214,-331,-333,-356,-360,-401,-393,-377,-489,-488,-475,-488,-488,-471,-452,-525,-460,-603,-591,-577,-576,-537,-508]} 1. e4 c6 2. Nc3 d5 3. Nf3 g6 4. d4 Bg7 5. h3 dxe4 6. Nxe4 Nf6 7. Nxf6+ exf6 8. Bd3 O-O 9. O-O Re8 {LiveBook: 5 Games. B15: Caro-Kann: 3 Nc3: 3...g6 and 3...dxe4 4 Nxe4 Nf6 5 Nxf6+ exf6} (9... Nd7 10. c4 b6 11. Bf4 Re8 12. Re1 Nf8 13. Rxe8 Qxe8 14. Qd2 Bb7 15. Bh6 Bh8 16. Re1 Qd7 17. b3 {0-1 (32) Hou,Y (2658)-Nakamura,H (2777) chess.com INT 2018}) 10. Bf4 Nd7 11. Qd2 Nf8 {White has an edge.} 12. Rfe1 Be6 $146 ({Predecessor:} 12... Ne6 13. Bh6 Bh8 14. Bc4 Qb6 15. d5 cxd5 16. Bxd5 Qxb2 17. Rab1 {1-0 (27) Panchenko,A-Gofshtein,L Leningrad 1976}) 13. c4 g5 14. Bg3 Qd7 15. Rad1 Rad8 16. Qc2 Qc8 17. Qa4 h5 {[%cal Bh7h5,Bh5h4][%mdl 32]} 18. Qxa7 h4 19. Bh2 Bxh3 $1 20. gxh3 Qxh3 {aiming for ...Qg4+.} 21. Qa3 Qg4+ 22. Kf1 $1 Qh3+ 23. Kg1 {Bf1 is the strong threat.} Qg4+ 24. Kf1 $1 Ne6 25. Be2 {Strongly threatening Ne5.} Nf4 $1 $40 {[%mdl 128] White needs to defend precisely.} 26. Bxf4 $1 Qxf4 (26... Qh3+ $11 27. Kg1 Qg4+ 28. Kh1 Qxf4) 27. Ng1 (27. d5 $1 $14) 27... g4 $15 28. Bxg4 {[#]} (28. Qc5 $15) 28... Rxe1+ $1 $19 ({Don't do} 28... Qxg4 29. Rxe8+ Rxe8 30. Qd3 $17) 29. Rxe1 {And now Qe7 would win.} Qxg4 30. Qf3 {[#]} f5 $1 ({But not} 30... Rxd4 31. Qxg4 Rxg4 32. b3 $17) (30... Qxd4 31. b3 $17) 31. b3 (31. Rd1 {keeps fighting.}) 31... Rxd4 ({Resist} 31... Bxd4 32. Rd1 $19) 32. Qh1 Rd3 33. Re8+ Bf8 34. Re3 Rd1+ 35. Re1 {Black is clearly winning.} Rxe1+ 36. Kxe1 Qe4+ 37. Qxe4 fxe4 38. Ke2 f5 39. f3 Kg7 40. Nh3 Kf6 41. Nf4 Bd6 {Precision: White = 48%, Black = 79%.} 0-1

[Event "3rd Sharjah Masters 2019"]
[Site "Sharjah"]
[Date "2019.03.28"]
[Round "7.26"]
[White "Zou, Chen"]
[Black "Debashis, Das"]
[Result "1/2-1/2"]
[WhiteElo "2397"]
[BlackElo "2532"]
[Annotator "TA"]
[PlyCount "132"]
[EventDate "2019.03.22"]
[EventType "swiss"]
[EventCountry "UAE"]
[SourceTitle "playchess.com"]
[Source "ChessBase"]
[SourceQuality "1"]

{[%evp 17,132,27,17,31,36,29,31,33,41,51,47,37,36,36,22,17,64,14,0,40,16,17,42,0,0,-10,2,-78,-67,-89,-79,-104,-92,-100,-34,-37,-35,-39,-33,-34,-41,-31,0,-37,-39,-38,-38,-31,0,0,0,0,0,0,27,14,85,0,0,0,10,16,42,0,0,0,0,0,0,0,0,0,0,0,0,0,0,0,0,0,0,0,0,0,0,0,0,0,0,0,54,24,41,24,71,43,57,69,71,0,0,0,0,0,0,0,0,-246,-235,-354,-350,-320,0,0,0,-289,0]} 1. e4 c5 2. Nf3 d6 3. d4 cxd4 4. Nxd4 Nf6 5. Nc3 a6 6. f3 e5 7. Nb3 h5 8. Be3 Be6 9. Qd2 Nbd7 10. Nd5 {B90: Sicilian Najdorf: Unusual White 6th moves, 6 Be3 Ng4 and 6 Be3 e5} Bxd5 11. exd5 g6 12. Be2 {White is slightly better.} Qc7 13. Rc1 Bg7 14. O-O O-O 15. c4 b6 16. Na1 Kh7 {[#]} 17. g4 $146 e4 {White should prevent ...exf3.} 18. gxh5 Nxh5 19. fxe4 Nhf6 20. Rf4 (20. Bf3 $14) 20... Rae8 $11 21. Bf3 Nc5 {[%cal Rf6e4]} 22. Qg2 (22. Nc2 $11) 22... Kg8 $1 $17 23. Rf1 {[#]} Bh6 $1 24. Rxf6 Bxe3+ 25. Kh1 Bd4 ({Black should try} 25... Bh6 $17 26. Qg3 Bg7 27. Qxd6 Qc8) 26. Rf5 $15 Bg7 {[%mdl 1024] Black has compensation.} 27. Rg5 Qe7 28. Rg4 Nd3 29. Be2 Nc5 {[%cal Bd3c5,Bc5d7,Bd7f6][%mdl 32]} (29... Ne5 $5 {[%cal Re5g4]} 30. Rgf4 Nd7 $11) 30. Bf3 Nd7 31. Rg3 Qe5 32. b3 b5 33. cxb5 axb5 34. Nc2 Nf6 35. Na3 Rb8 36. Qe2 Qe8 (36... Rfe8 $11 {remains equal.}) 37. Rc1 (37. Nc2 $16) 37... Bh6 $11 38. Rc6 Bf4 39. Rg2 b4 40. Nc4 {Black must now prevent e5.} Qe7 41. Rf2 Rfe8 42. Bg2 Nxe4 43. Qxe4 ({Wrong is} 43. Rxf4 $2 {[#]} Ng3+ $1 {[%mdl 512]} 44. hxg3 Qxe2 $19) 43... Qxe4 44. Bxe4 Rxe4 45. Nxd6 Rd4 46. Nc4 g5 47. d6 Kg7 48. Kg2 Rd8 49. Rc7 Kg6 50. Rb7 f6 51. Rxb4 Bxd6 52. Rb6 Bf4 53. a4 Kf7 (53... Rh8 $11) 54. a5 $1 $14 Rh8 55. h3 {And now a6 would win.} Rd3 56. Rf3 Rd1 $1 57. a6 Ra1 $1 58. Rf1 (58. Nd6+ $16 Kg6 59. Rf1 Ra2+ 60. Rf2 Rxh3 61. Rxa2 (61. Kxh3 Rxf2 62. Ne4 Rh2+ 63. Kg4 Be5 $14) 61... Rh2+ 62. Kf3 Rxa2 63. Nc4) 58... Ra2+ $11 59. Rf2 Ra1 60. b4 Rd8 $1 {[%cal Rd8d3] Strongly threatening ...Rd3.} 61. Rb7+ Kg6 $1 {aiming for ...Rd3.} 62. a7 $2 (62. Rb6 $1 $11 {and White has nothing to worry.}) 62... Rd3 $19 63. Rf3 (63. Rc2 {was necessary.} Rg3+ 64. Kf2 Rxh3 65. Ke2) 63... Ra2+ 64. Rf2 Ra1 {( -> ...Rg3+)} 65. Rf3 $1 {[%cal Rf3d3]} Ra2+ 66. Rf2 Ra1 $2 {Accuracy: White = 72%, Black = 75%.} (66... Rg3+ $19 67. Kf1 Ra1+ 68. Ke2 Rxh3) 1/2-1/2